Major League Lacrosse - All Teams - Statistics

General Stats
  • This quiz has been taken 9 times
  • The average score is 15 of 22
Answer Stats
Answer % Correct
Ohio Machine
100%
Boston Cannons
86%
Charlotte Hounds
86%
Chesapeake Bayhawks
86%
Denver Outlaws
86%
Florida Launch
86%
Long Island Lizards
86%
Atlanta Blaze
71%
Baltimore Bayhawks
71%
Hamilton Nationals
71%
New York Lizards
71%
Rochester Rattlers
71%
Bridgeport Barrage
57%
Chicago Machine
57%
Connecticut Hammerheads
57%
Dallas Rattlers
57%
Los Angeles Riptide
57%
New jersey Pride
57%
Philadelphia Barrage
57%
San Francisco Dragons
57%
Toronto Nationals
57%
Washington Bayhawks
57%
No matching quizzes found
Score Distribution
Percent of People with Each Score
Percentile by Number Answered
Your Score History
You have not taken this quiz